000 00641nam a2200181Ia 4500
003 GCL
008 140319s9999 xx 000 0 ara d
040 _aGCL /
_cGCL
082 0 4 _a914.20447
_bم ر
100 1 _aمحمد عيسى صالحين
245 1 0 _aرحلة الشيخ الطنطاوى الى البلاد الروسية 1840م - 1850م المسماه بتحفة الاذكياء بأخبار بلاد الروسيا /
_cمحمد عيسى صالحين
300 _a264 ص
490 _aكتاب
_v0
650 0 4 _aالرحلات
650 0 4 _aالجغرافيا
650 0 4 _aروسيا - وصف ورحلات
942 _2ddc
_cBK
999 _c41632
_d41632